| 000 | 01197cam a2200337 i 4500 | ||
|---|---|---|---|
| 005 | 20230509094227.0 | ||
| 008 | 161006s2018 nyua 001 0 eng | ||
| 010 | _a 2016040843 | ||
| 020 | _a9781260153132 | ||
| 020 | _a9781259307416 (alk. paper) | ||
| 040 |
_aDLC _beng _cDLC _erda _dDLC |
||
| 042 | _apcc | ||
| 050 | 0 | 0 |
_aHF5657.4 _b.G37 2018 |
| 082 | 0 | 0 |
_a658.15/11 _223 _bGAR-M |
| 100 | 1 | _aGarrison, Ray H., | |
| 245 | 1 | 0 |
_aManagerial accounting / _cRay H. Garrison, D.B.A., CPA, Eric W. Noreen, Ph.D., CMA, Peter C. Brewer, Ph.D.. |
| 250 | _aSixteenth edition. | ||
| 260 |
_aNew York _bMcGraw-Hill _c2018 |
||
| 264 | 1 |
_aNew York, NY : _bMcGraw-Hill Education, _c[2018] |
|
| 300 |
_aXXXII, 784 pages : _bcolor illustrations ; _c29 cm |
||
| 336 |
_atext _btxt _2rdacontent |
||
| 337 |
_aunmediated _bn _2rdamedia |
||
| 338 |
_avolume _bnc _2rdacarrier |
||
| 500 | _aIncludes index. | ||
| 650 | 0 | _aManagerial accounting. | |
| 700 | 1 | _aNoreen, Eric W., | |
| 700 | 1 | _aBrewer, Peter C., | |
| 906 |
_a7 _bcbc _corignew _d1 _eecip _f20 _gy-gencatlg |
||
| 999 |
_c18326 _d18326 |
||